[Event "World Youth & Cadets Rapid Championships"]
[Site "Rhodes, Greece"]
[Date "2022.05.01"]
[Round "2.10"]
[White "Garsky, Vladyslav"]
[Black "Seemann, Jakub"]
[Result "0-1"]
[TimeControl "10'/game & 5\"/move"]
[WhiteElo "1823"]
[BlackElo "1984"]

1. e4 {[%clk 00:10:09]} e6 {[%clk 00:10:07]} {[%emt 00:00:04]} 2. d4 {[%clk
00:09:54]} {[%emt 00:00:20]} d5 {[%clk 00:10:09]} {[%emt 00:00:02]} 3. exd5
{[%clk 00:09:51]} {[%emt 00:00:09]} exd5 {[%clk 00:10:12]} {[%emt 00:00:02]} 4.
Bd3 {[%clk 00:09:55]} Nf6 {[%clk 00:10:14]} {[%emt 00:00:02]} 5. Nf3 {[%clk
00:09:59]} {[%emt 00:00:02]} c5 {[%clk 00:10:09]} {[%emt 00:00:09]} 6. c3
{[%clk 00:09:56]} {[%emt 00:00:09]} Nc6 {[%clk 00:10:06]} {[%emt 00:00:08]} 7.
O-O {[%clk 00:09:58]} {[%emt 00:00:03]} Be7 {[%clk 00:10:03]} {[%emt 00:00:08]}
8. Bg5 {[%clk 00:09:22]} {[%emt 00:00:41]} O-O {[%clk 00:10:00]} {[%emt
00:00:07]} 9. Qc2 {[%clk 00:09:22]} {[%emt 00:00:02]} c4 {[%clk 00:08:58]}
{[%emt 00:01:11]} 10. Be2 {[%clk 00:08:42]} {[%emt 00:00:44]} Ne4 {[%clk
00:08:56]} {[%emt 00:00:06]} 11. Bxe7 {[%clk 00:08:43]} {[%emt 00:00:05]} Qxe7
{[%clk 00:08:57]} {[%emt 00:00:05]} 12. b3 {[%clk 00:08:39]} {[%emt 00:00:09]}
Bf5 {[%clk 00:08:54]} {[%emt 00:00:07]} 13. Qb2 {[%clk 00:08:22]} {[%emt
00:00:22]} b5 {[%clk 00:08:52]} {[%emt 00:00:07]} 14. Na3 {[%clk 00:07:17]}
{[%emt 00:01:11]} Nxc3 {[%clk 00:08:33]} {[%emt 00:00:23]} 15. Qxc3 {[%clk
00:07:20]} {[%emt 00:00:03]} Qxa3 {[%clk 00:08:35]} {[%emt 00:00:03]} 16. Qd2
{[%clk 00:07:12]} {[%emt 00:00:13]} Qd6 {[%clk 00:08:29]} {[%emt 00:00:11]} 17.
Rac1 {[%clk 00:06:58]} {[%emt 00:00:20]} Rfe8 {[%clk 00:08:26]} {[%emt
00:00:08]} 18. Rfe1 {[%clk 00:06:58]} {[%emt 00:00:05]} Re7 {[%clk 00:08:13]}
{[%emt 00:00:17]} 19. Bf1 {[%clk 00:06:50]} {[%emt 00:00:13]} Rae8 {[%clk
00:07:54]} {[%emt 00:00:24]} 20. a4 {[%clk 00:06:11]} {[%emt 00:00:45]} a6
{[%clk 00:07:50]} {[%emt 00:00:08]} 21. Red1 {[%clk 00:03:10]} {[%emt
00:03:06]} Bg4 {[%clk 00:07:43]} {[%emt 00:00:11]} 22. axb5 {[%clk 00:01:18]}
{[%emt 00:01:58]} Bxf3 {[%clk 00:07:38]} {[%emt 00:00:10]} 23. bxc6 {[%clk
00:00:43]} {[%emt 00:00:40]} Bxd1 {[%clk 00:07:40]} {[%emt 00:00:03]} 24. Qxd1
{[%clk 00:00:45]} {[%emt 00:00:03]} Qxc6 {[%clk 00:07:21]} {[%emt 00:00:24]} 25.
bxc4 {[%clk 00:00:48]} {[%emt 00:00:02]} dxc4 {[%clk 00:07:12]} {[%emt
00:00:14]} 26. Rxc4 {[%clk 00:00:48]} {[%emt 00:00:05]} Qxc4 {[%clk 00:07:12]}
{[%emt 00:00:05]} 27. Bxc4 {[%clk 00:00:49]} {[%emt 00:00:05]} Re1+ {[%clk
00:07:16]} {[%emt 00:00:01]} 28. Qxe1 {[%clk 00:00:53]} {[%emt 00:00:01]} Rxe1+
{[%clk 00:07:20]} 29. Bf1 {[%clk 00:00:56]} {[%emt 00:00:01]} a5 {[%clk
00:07:22]} {[%emt 00:00:03]} 0-1

[Event "World Youth & Cadets Rapid Championships"]
[Site "Rhodes, Greece"]
[Date "2022.05.01"]
[Round "2.11"]
[White "Morkunas, Gustas"]
[Black "Badacsonyi, Stanley"]
[Result "1-0"]
[TimeControl "10'/game & 5\"/move"]
[WhiteElo "1955"]
[BlackElo "1745"]

1. e4 {[%clk 00:10:08]} {[%emt 00:00:02]} d5 {[%clk 00:10:09]} {[%emt
00:00:02]} 2. exd5 {[%clk 00:10:12]} {[%emt 00:00:01]} Qxd5 {[%clk 00:10:12]}
{[%emt 00:00:01]} 3. Nc3 {[%clk 00:10:15]} {[%emt 00:00:01]} Qa5 {[%clk
00:10:16]} {[%emt 00:00:02]} 4. d4 {[%clk 00:10:18]} {[%emt 00:00:01]} Nf6
{[%clk 00:10:20]} {[%emt 00:00:02]} 5. Nf3 {[%clk 00:10:21]} {[%emt 00:00:01]}
c6 {[%clk 00:10:24]} {[%emt 00:00:02]} 6. Bd2 {[%clk 00:10:05]} {[%emt
00:00:21]} Qc7 {[%clk 00:10:27]} {[%emt 00:00:01]} 7. Bc4 {[%clk 00:09:28]}
{[%emt 00:00:42]} b5 {[%clk 00:10:31]} {[%emt 00:00:02]} 8. Bb3 {[%clk
00:09:28]} {[%emt 00:00:04]} e6 {[%clk 00:10:35]} 9. O-O {[%clk 00:09:07]}
{[%emt 00:00:26]} Bb7 {[%clk 00:10:38]} {[%emt 00:00:03]} 10. Qe2 {[%clk
00:09:06]} {[%emt 00:00:05]} a6 {[%clk 00:10:17]} {[%emt 00:00:26]} 11. a4
{[%clk 00:08:51]} {[%emt 00:00:20]} b4 {[%clk 00:10:18]} {[%emt 00:00:05]} 12.
Ne4 {[%clk 00:08:07]} {[%emt 00:00:49]} Nxe4 {[%clk 00:09:55]} {[%emt
00:00:28]} 13. Qxe4 {[%clk 00:08:09]} {[%emt 00:00:03]} Nd7 {[%clk 00:09:53]}
{[%emt 00:00:06]} 14. Bf4 {[%clk 00:06:38]} {[%emt 00:01:36]} Qb6 {[%clk
00:08:20]} {[%emt 00:01:39]} 15. a5 {[%clk 00:06:29]} {[%emt 00:00:14]} c5
{[%clk 00:07:35]} {[%emt 00:00:50]} 16. d5 {[%clk 00:05:57]} {[%emt 00:00:36]}
Qd8 {[%clk 00:07:26]} {[%emt 00:00:13]} 17. Qe2 {[%clk 00:05:26]} {[%emt
00:00:38]} Qf6 {[%clk 00:06:16]} {[%emt 00:01:16]} 18. Bg5 {[%clk 00:04:22]}
{[%emt 00:01:09]} Qg6 {[%clk 00:06:20]} 19. dxe6 {[%clk 00:04:26]} {[%emt
00:00:02]} fxe6 {[%clk 00:06:12]} {[%emt 00:00:12]} 20. Bxe6 {[%clk 00:04:26]}
{[%emt 00:00:04]} Be4 {[%clk 00:04:47]} {[%emt 00:01:31]} 21. Bd5 {[%clk
00:04:13]} {[%emt 00:00:18]} Be7 {[%clk 00:03:28]} {[%emt 00:01:24]} 22. Bxe4
{[%clk 00:04:14]} {[%emt 00:00:04]} Qe6 {[%clk 00:03:31]} {[%emt 00:00:02]} 23.
Bg6+ {[%clk 00:04:02]} {[%emt 00:00:17]} 1-0

[Event "World Youth & Cadets Rapid Championships"]
[Site "Rhodes, Greece"]
[Date "2022.05.01"]
[Round "2.12"]
[White "Assylov, Miras"]
[Black "Podolskyi, Mykhailo"]
[Result "0-1"]
[TimeControl "10'/game & 5\"/move"]
[WhiteElo "1706"]
[BlackElo "1948"]

1. e4 {[%clk 00:10:07]} {[%emt 00:00:03]} c5 {[%clk 00:10:04]} {[%emt
00:00:06]} 2. Nf3 {[%clk 00:10:11]} {[%emt 00:00:02]} e6 {[%clk 00:09:50]}
{[%emt 00:00:19]} 3. d4 {[%clk 00:10:14]} {[%emt 00:00:02]} cxd4 {[%clk
00:09:52]} {[%emt 00:00:02]} 4. Nxd4 {[%clk 00:10:17]} {[%emt 00:00:02]} Nf6
{[%clk 00:09:07]} {[%emt 00:00:50]} 5. Nc3 {[%clk 00:10:21]} {[%emt 00:00:02]}
Nc6 {[%clk 00:09:07]} {[%emt 00:00:04]} 6. Ndb5 {[%clk 00:10:20]} {[%emt
00:00:06]} Bc5 {[%clk 00:08:56]} {[%emt 00:00:16]} 7. Nd6+ {[%clk 00:09:33]}
{[%emt 00:00:52]} Ke7 {[%clk 00:08:56]} {[%emt 00:00:05]} 8. Nxc8+ {[%clk
00:07:22]} {[%emt 00:02:17]} Rxc8 {[%clk 00:08:58]} {[%emt 00:00:02]} 9. Bc4
{[%clk 00:07:16]} {[%emt 00:00:11]} Re8 {[%clk 00:06:08]} {[%emt 00:02:55]} 10.
O-O {[%clk 00:07:18]} {[%emt 00:00:03]} Kf8 {[%clk 00:05:38]} {[%emt 00:00:35]}
11. Re1 {[%clk 00:05:44]} {[%emt 00:01:40]} d6 {[%clk 00:02:29]} {[%emt
00:03:14]} 12. Be3 {[%clk 00:05:11]} {[%emt 00:00:38]} Bxe3 {[%clk 00:01:37]}
{[%emt 00:00:56]} 13. Rxe3 {[%clk 00:05:13]} {[%emt 00:00:04]} Kg8 {[%clk
00:00:55]} {[%emt 00:00:46]} 14. Bb3 {[%clk 00:04:34]} {[%emt 00:00:43]} Ne5
{[%clk 00:00:36]} {[%emt 00:00:26]} 15. Nb5 {[%clk 00:02:34]} {[%emt 00:02:04]}
Qb6 {[%clk 00:00:31]} {[%emt 00:00:09]} 16. Qe2 {[%clk 00:01:32]} {[%emt
00:01:08]} Neg4 {[%clk 00:00:13]} {[%emt 00:00:24]} 17. Rg3 {[%clk 00:01:16]}
{[%emt 00:00:20]} Nxf2 {[%clk 00:00:08]} {[%emt 00:00:10]} 18. Qxf2 {[%clk
00:01:17]} {[%emt 00:00:04]} Qxf2+ {[%clk 00:00:11]} {[%emt 00:00:02]} 19. Kxf2
{[%clk 00:01:17]} {[%emt 00:00:04]} Nxe4+ {[%clk 00:00:15]} {[%emt 00:00:02]}
20. Kf3 {[%clk 00:00:37]} {[%emt 00:00:45]} Nxg3 {[%clk 00:00:18]} {[%emt
00:00:02]} 21. Kxg3 {[%clk 00:00:35]} {[%emt 00:00:07]} Red8 {[%clk 00:00:14]}
{[%emt 00:00:09]} 22. Nxa7 {[%clk 00:00:39]} {[%emt 00:00:02]} Rc5 {[%clk
00:00:15]} {[%emt 00:00:03]} 23. c4 {[%clk 00:00:19]} {[%emt 00:00:25]} d5
{[%clk 00:00:14]} {[%emt 00:00:07]} 24. a4 {[%clk 00:00:09]} {[%emt 00:00:15]}
dxc4 {[%clk 00:00:15]} {[%emt 00:00:03]} 25. Bc2 {[%clk 00:00:13]} g6 {[%clk
00:00:10]} {[%emt 00:00:10]} 26. Nb5 {[%clk 00:00:17]} {[%emt 00:00:01]} Rd2
{[%clk 00:00:12]} {[%emt 00:00:03]} 27. Rc1 {[%clk 00:00:19]} {[%emt 00:00:04]}
Rg5+ {[%clk 00:00:15]} {[%emt 00:00:02]} 28. Kf3 {[%clk 00:00:22]} Rgxg2 {[%clk
00:00:17]} {[%emt 00:00:02]} 29. Be4 {[%clk 00:00:11]} {[%emt 00:00:16]} Rxh2
{[%clk 00:00:16]} {[%emt 00:00:07]} 30. Bxb7 {[%clk 00:00:12]} {[%emt
00:00:05]} Rd3+ {[%clk 00:00:11]} {[%emt 00:00:09]} 31. Ke4 {[%clk 00:00:07]}
{[%emt 00:00:11]} f6 {[%clk 00:00:10]} {[%emt 00:00:06]} 32. Rxc4 {[%clk
00:00:06]} {[%emt 00:00:05]} Rb3 {[%clk 00:00:11]} {[%emt 00:00:04]} 33. Rc8+
{[%clk 00:00:08]} {[%emt 00:00:04]} Kg7 {[%clk 00:00:14]} 34. Rc7+ {[%clk
00:00:12]} Kh6 {[%clk 00:00:17]} {[%emt 00:00:02]} 35. Nc3 {[%clk 00:00:13]}
{[%emt 00:00:04]} Rhxb2 {[%clk 00:00:12]} {[%emt 00:00:10]} 36. Bc8 {[%clk
00:00:12]} {[%emt 00:00:06]} e5 {[%clk 00:00:08]} {[%emt 00:00:09]} 37. a5
{[%clk 00:00:14]} {[%emt 00:00:04]} Rc2 {[%clk 00:00:07]} {[%emt 00:00:05]} 38.
Kd3 {[%clk 00:00:18]} Ra2 {[%clk 00:00:10]} {[%emt 00:00:03]} 39. a6 {[%clk
00:00:22]} Raa3 {[%clk 00:00:10]} 40. Kc2 {[%clk 00:00:22]} Rb6 {[%clk
00:00:10]} 41. Nd5 {[%emt 00:00:22]} Rd6 {[%emt 00:00:02]} 42. Kb2 {[%clk
00:00:18]} {[%emt 00:00:07]} Ra5 {[%clk 00:00:12]} {[%emt 00:00:07]} 43. Nb4
{[%clk 00:00:08]} {[%emt 00:00:16]} Rb6 {[%clk 00:00:11]} {[%emt 00:00:05]} 44.
Kb3 {[%clk 00:00:07]} {[%emt 00:00:06]} Rab5 {[%clk 00:00:12]} {[%emt
00:00:05]} 45. Rc4 {[%clk 00:00:10]} {[%emt 00:00:01]} Ra5 {[%clk 00:00:12]}
{[%emt 00:00:05]} 46. Kc3 {[%clk 00:00:11]} {[%emt 00:00:04]} f5 {[%clk
00:00:12]} {[%emt 00:00:06]} 47. Nc6 {[%clk 00:00:10]} {[%emt 00:00:05]} Ra3+
{[%clk 00:00:16]} {[%emt 00:00:02]} 48. Kc2 {[%clk 00:00:14]} e4 {[%clk
00:00:19]} {[%emt 00:00:02]} 49. Ne5 {[%clk 00:00:11]} {[%emt 00:00:08]} Kg5
{[%clk 00:00:14]} {[%emt 00:00:10]} 50. Nd7 {[%clk 00:00:15]} Rbxa6 {[%clk
00:00:08]} {[%emt 00:00:11]} 51. Bxa6 {[%clk 00:00:18]} {[%emt 00:00:01]} Rxa6
{[%clk 00:00:12]} {[%emt 00:00:01]} 52. Ne5 {[%clk 00:00:11]} {[%emt 00:00:12]}
Ra2+ {[%clk 00:00:13]} {[%emt 00:00:04]} 53. Kd1 {[%clk 00:00:15]} {[%emt
00:00:02]} Kf4 {[%clk 00:00:10]} {[%emt 00:00:08]} 54. Rc5 {[%clk 00:00:15]}
{[%emt 00:00:04]} e3 {[%clk 00:00:09]} {[%emt 00:00:07]} 55. Ke1 {[%clk
00:00:16]} {[%emt 00:00:04]} Ke4 {[%clk 00:00:10]} {[%emt 00:00:04]} 56. Rb5
{[%clk 00:00:17]} {[%emt 00:00:04]} f4 {[%clk 00:00:10]} {[%emt 00:00:05]} 57.
Ng4 {[%clk 00:00:15]} {[%emt 00:00:06]} Ra1+ {[%clk 00:00:14]} 0-1

[Event "World Youth & Cadets Rapid Championships"]
[Site "Rhodes, Greece"]
[Date "2022.05.01"]
[Round "2.13"]
[White "Kuru, Atilla"]
[Black "Soulier, Alfred"]
[Result "1-0"]
[TimeControl "10'/game & 5\"/move"]
[WhiteElo "2023"]
[BlackElo "1508"]

1. e4 {[%clk 00:10:09]} c5 {[%clk 00:10:08]} {[%emt 00:00:02]} 2. Nf3 {[%clk
00:10:12]} {[%emt 00:00:02]} d6 {[%clk 00:10:12]} {[%emt 00:00:01]} 3. d4
{[%clk 00:10:15]} {[%emt 00:00:02]} cxd4 {[%clk 00:10:16]} {[%emt 00:00:01]} 4.
Nxd4 {[%clk 00:10:19]} {[%emt 00:00:02]} Nf6 {[%clk 00:10:20]} 5. Nc3 {[%clk
00:10:22]} {[%emt 00:00:01]} a6 {[%clk 00:10:23]} {[%emt 00:01:10]} 6. Nb3
{[%clk 00:10:24]} {[%emt 00:00:37]} e6 {[%clk 00:10:10]} {[%emt 00:00:19]} 7.
f3 {[%clk 00:10:09]} {[%emt 00:00:20]} Nc6 {[%clk 00:10:10]} {[%emt 00:00:04]}
8. Be3 {[%clk 00:10:12]} {[%emt 00:00:02]} Qc7 {[%clk 00:10:10]} {[%emt
00:00:06]} 9. Qd2 {[%clk 00:10:15]} {[%emt 00:00:02]} Be7 {[%clk 00:10:09]}
{[%emt 00:00:06]} 10. O-O-O {[%clk 00:10:16]} {[%emt 00:00:03]} b5 {[%clk
00:09:53]} {[%emt 00:00:22]} 11. Kb1 {[%clk 00:10:19]} {[%emt 00:00:02]} Bb7
{[%clk 00:09:55]} {[%emt 00:00:02]} 12. Bxb5 {[%clk 00:10:14]} {[%emt
00:00:11]} axb5 {[%clk 00:09:47]} {[%emt 00:00:13]} 13. Nxb5 {[%clk 00:10:17]}
{[%emt 00:00:02]} Qd7 {[%clk 00:09:31]} {[%emt 00:00:21]} 14. Nxd6+ {[%clk
00:10:19]} {[%emt 00:00:02]} Bxd6 {[%clk 00:09:31]} {[%emt 00:00:05]} 15. Qxd6
{[%clk 00:10:22]} {[%emt 00:00:02]} Qxd6 {[%clk 00:08:54]} {[%emt 00:00:42]} 16.
Rxd6 {[%clk 00:10:25]} {[%emt 00:00:02]} Ne5 {[%clk 00:07:39]} {[%emt
00:01:20]} 17. Bc5 {[%clk 00:09:47]} {[%emt 00:00:41]} Nfd7 {[%clk 00:06:42]}
{[%emt 00:01:04]} 18. Rhd1 {[%clk 00:09:31]} {[%emt 00:00:21]} Rd8 {[%clk
00:05:10]} {[%emt 00:01:38]} 19. Bb6 {[%clk 00:09:21]} {[%emt 00:00:15]} Rc8
{[%clk 00:04:36]} {[%emt 00:00:39]} 20. Nc5 {[%clk 00:07:51]} {[%emt 00:01:34]}
Nxc5 {[%clk 00:03:19]} 21. Rd8+ {[%clk 00:07:51]} Ke7 {[%clk 00:03:19]} 22.
Rxh8 {[%clk 00:07:51]} Rxh8 23. Bxc5+ {[%clk 00:07:56]} Kf6 {[%clk 00:02:15]}
{[%emt 00:00:10]} 24. Bd4 {[%clk 00:07:56]} {[%emt 00:00:04]} g5 {[%clk
00:01:58]} {[%emt 00:00:22]} 25. g3 {[%clk 00:07:55]} {[%emt 00:00:07]} Rc8
{[%clk 00:01:21]} {[%emt 00:00:43]} 26. f4 {[%clk 00:07:52]} {[%emt 00:00:06]}
gxf4 {[%clk 00:00:56]} {[%emt 00:00:31]} 27. gxf4 {[%clk 00:07:56]} Bxe4 {[%clk
00:00:59]} {[%emt 00:00:02]} 28. Bxe5+ {[%clk 00:07:58]} {[%emt 00:00:03]} Kg6
{[%clk 00:00:41]} {[%emt 00:00:22]} 29. Rg1+ {[%clk 00:07:52]} {[%emt
00:00:11]} Kh5 {[%clk 00:00:28]} {[%emt 00:00:19]} 30. Bc3 {[%clk 00:07:46]}
{[%emt 00:00:09]} f6 {[%clk 00:00:16]} {[%emt 00:00:19]} 31. a4 {[%clk
00:07:33]} {[%emt 00:00:19]} e5 {[%clk 00:00:13]} {[%emt 00:00:08]} 32. fxe5
{[%clk 00:07:35]} {[%emt 00:00:02]} fxe5 {[%clk 00:00:16]} 33. Re1 {[%clk
00:07:36]} {[%emt 00:00:04]} Bg6 {[%clk 00:00:13]} {[%emt 00:00:08]} 34. Rxe5+
{[%clk 00:07:38]} {[%emt 00:00:03]} Kg4 {[%clk 00:00:17]} {[%emt 00:00:01]} 35.
Re3 {[%clk 00:07:35]} {[%emt 00:00:08]} Kf4 {[%clk 00:00:17]} {[%emt 00:00:06]}
36. Rg3 {[%clk 00:07:32]} {[%emt 00:00:05]} Be4 {[%clk 00:00:12]} {[%emt
00:00:13]} 37. b3 {[%clk 00:07:32]} {[%emt 00:00:05]} h5 {[%clk 00:00:12]}
{[%emt 00:00:05]} 38. Bd2+ {[%clk 00:07:22]} {[%emt 00:00:14]} Kf5 {[%clk
00:00:11]} {[%emt 00:00:07]} 39. Rg5+ {[%clk 00:07:24]} {[%emt 00:00:02]} Kf6
{[%clk 00:00:12]} {[%emt 00:00:04]} 40. Rxh5 {[%clk 00:07:13]} {[%emt
00:00:17]} Rxc2 {[%clk 00:00:09]} {[%emt 00:00:08]} 41. Rh4 {[%clk 00:07:06]}
{[%emt 00:00:11]} Bf5 {[%clk 00:00:08]} {[%emt 00:00:06]} 42. Ka1 {[%clk
00:06:44]} {[%emt 00:00:27]} Rxd2 {[%clk 00:00:10]} {[%emt 00:00:03]} 43. a5
{[%clk 00:06:40]} {[%emt 00:00:09]} Be6 {[%clk 00:00:10]} {[%emt 00:00:06]} 44.
b4 {[%clk 00:06:25]} {[%emt 00:00:20]} Ra2+ {[%clk 00:00:11]} {[%emt 00:00:04]}
45. Kb1 {[%clk 00:06:29]} {[%emt 00:00:01]} Ra4 {[%clk 00:00:11]} {[%emt
00:00:05]} 46. Kb2 {[%clk 00:06:25]} {[%emt 00:00:09]} Ra2+ {[%clk 00:00:14]}
{[%emt 00:00:02]} 47. Kc3 {[%clk 00:06:28]} {[%emt 00:00:01]} Ke5 {[%clk
00:00:13]} {[%emt 00:00:07]} 48. Rh5+ {[%clk 00:06:26]} {[%emt 00:00:07]} Kd6
{[%clk 00:00:14]} {[%emt 00:00:04]} 49. Rh6 {[%clk 00:06:15]} {[%emt 00:00:15]}
Ra3+ {[%clk 00:00:12]} {[%emt 00:00:08]} 50. Kd2 {[%clk 00:06:02]} {[%emt
00:00:18]} Ra2+ {[%clk 00:00:11]} {[%emt 00:00:06]} 51. Ke3 {[%clk 00:06:05]}
{[%emt 00:00:02]} Ra3+ {[%clk 00:00:14]} {[%emt 00:00:02]} 52. Kd2 {[%clk
00:05:45]} {[%emt 00:00:24]} Ra2+ {[%clk 00:00:16]} {[%emt 00:00:04]} 53. Kc3
{[%clk 00:05:43]} {[%emt 00:00:06]} Ra3+ {[%clk 00:00:19]} {[%emt 00:00:02]} 54.
Kb2 {[%clk 00:05:46]} {[%emt 00:00:02]} Ra2+ {[%clk 00:00:22]} {[%emt
00:00:03]} 55. Kb1 {[%clk 00:05:51]} Ra4 {[%emt 00:00:17]} 56. Rh4 {[%clk
00:05:54]} Bf5+ {[%clk 00:00:13]} {[%emt 00:00:04]} 57. Kb2 {[%clk 00:05:58]}
{[%emt 00:00:01]} Be6 {[%clk 00:00:11]} {[%emt 00:00:07]} 58. Rd4+ {[%clk
00:05:50]} {[%emt 00:00:09]} Kc6 {[%clk 00:00:08]} {[%emt 00:00:11]} 59. h4
{[%clk 00:05:18]} {[%emt 00:00:36]} Ra2+ {[%clk 00:00:10]} {[%emt 00:00:04]} 60.
Kc3 {[%clk 00:05:19]} {[%emt 00:00:03]} Ra3+ {[%clk 00:00:12]} {[%emt
00:00:04]} 61. Kd2 {[%clk 00:05:23]} Ra2+ {[%clk 00:00:13]} {[%emt 00:00:05]}
62. Ke3 {[%clk 00:05:27]} Ra3+ {[%clk 00:00:14]} {[%emt 00:00:05]} 63. Kf4
{[%clk 00:05:30]} {[%emt 00:00:01]} Rh3 {[%clk 00:00:13]} {[%emt 00:00:06]} 64.
Kg5 {[%clk 00:05:27]} {[%emt 00:00:08]} Rg3+ {[%clk 00:00:13]} {[%emt
00:00:06]} 65. Kh6 {[%clk 00:05:28]} Rh3 {[%clk 00:00:11]} {[%emt 00:00:09]} 66.
Kg7 {[%clk 00:05:18]} {[%emt 00:00:16]} Rg3+ {[%clk 00:00:11]} {[%emt
00:00:04]} 67. Kf6 {[%clk 00:05:22]} Bd5 {[%clk 00:00:11]} {[%emt 00:00:05]} 68.
h5 {[%clk 00:05:07]} {[%emt 00:00:20]} Rf3 {[%clk 00:00:14]} {[%emt 00:00:02]}
69. Kg5 {[%clk 00:05:08]} {[%emt 00:00:04]} Rg3+ {[%clk 00:00:14]} {[%emt
00:00:05]} 70. Kh4 {[%clk 00:05:10]} {[%emt 00:00:03]} Rg1 {[%clk 00:00:11]}
{[%emt 00:00:09]} 71. h6 {[%clk 00:05:03]} {[%emt 00:00:11]} Rh1+ {[%clk
00:00:14]} {[%emt 00:00:02]} 72. Kg5 {[%clk 00:05:07]} {[%emt 00:00:01]} Rg1+
{[%clk 00:00:18]} {[%emt 00:00:01]} 73. Rg4 {[%clk 00:05:04]} {[%emt 00:00:08]}
Rxg4+ {[%clk 00:00:11]} {[%emt 00:00:12]} 74. Kxg4 {[%clk 00:05:08]} {[%emt
00:00:01]} Be4 {[%clk 00:00:11]} {[%emt 00:00:06]} 75. Kg5 {[%clk 00:05:02]}
{[%emt 00:00:11]} Kb5 {[%clk 00:00:15]} 76. Kf6 {[%clk 00:05:05]} {[%emt
00:00:01]} Kxb4 {[%clk 00:00:16]} {[%emt 00:00:05]} 77. a6 {[%clk 00:05:09]}
{[%emt 00:00:01]} Kb5 {[%clk 00:00:11]} {[%emt 00:00:09]} 78. a7 {[%clk
00:05:13]} Kb6 {[%clk 00:00:13]} {[%emt 00:00:04]} 79. a8=Q {[%clk 00:05:16]}
{[%emt 00:00:02]} Bxa8 {[%clk 00:00:16]} {[%emt 00:00:02]} 80. h7 {[%clk
00:05:20]} Kc5 {[%clk 00:00:17]} {[%emt 00:00:05]} 81. h8=Q {[%clk 00:05:21]}
{[%emt 00:00:04]} Bd5 {[%clk 00:00:19]} {[%emt 00:00:03]} 82. Ke5 {[%clk
00:05:24]} {[%emt 00:00:02]} Bc6 {[%clk 00:00:19]} {[%emt 00:00:04]} 83. Qf8+
{[%clk 00:05:26]} {[%emt 00:00:04]} Kc4 {[%clk 00:00:20]} {[%emt 00:00:04]} 84.
Qd6 {[%clk 00:05:27]} {[%emt 00:00:04]} Bb5 {[%clk 00:00:21]} {[%emt 00:00:04]}
85. Qd4+ {[%clk 00:05:26]} {[%emt 00:00:05]} Kb3 {[%clk 00:00:24]} {[%emt
00:00:02]} 86. Kd5 {[%clk 00:05:29]} {[%emt 00:00:02]} Ba4 {[%clk 00:00:21]}
{[%emt 00:00:09]} 87. Qc4+ {[%clk 00:05:32]} {[%emt 00:00:02]} Ka3 {[%clk
00:00:24]} {[%emt 00:00:02]} 88. Kd4 {[%clk 00:05:32]} {[%emt 00:00:04]} Bb3
{[%clk 00:00:26]} {[%emt 00:00:04]} 89. Qc3 {[%clk 00:05:30]} {[%emt 00:00:06]}
Ka2 {[%clk 00:00:21]} {[%emt 00:00:11]} 90. Ke3 {[%clk 00:05:32]} {[%emt
00:00:03]} Ka3 {[%clk 00:00:22]} {[%emt 00:00:03]} 91. Qa5+ {[%clk 00:05:32]}
{[%emt 00:00:05]} Ba4 {[%clk 00:00:16]} {[%emt 00:00:12]} 92. Kd2 {[%clk
00:05:34]} {[%emt 00:00:03]} Kb3 {[%clk 00:00:18]} {[%emt 00:00:03]} 93. Qc3+
{[%clk 00:05:37]} {[%emt 00:00:01]} Ka2 {[%clk 00:00:19]} {[%emt 00:00:05]} 94.
Kc1 {[%clk 00:05:41]} Bc2 {[%clk 00:00:18]} {[%emt 00:00:06]} 95. Qb2# {[%clk
00:05:40]} {[%emt 00:00:01]} 1-0